000 00529nam a2200169 i 4500
001 49116
003 ES-MaACL
005 20230906161905.0
007 t|
008 030708s1961 gw ||||1| spa d
100 1 _aCorredor, Berta.
_940771
245 1 0 _aDocumentos latino-americanos
_b: transformación en el mundo rural latino americano /
_cBerta Corredor y Sergio Torres.
260 _aFriburgo :
_bFeres,
_c1961.
300 _a143 p. ;
_c23 cm.
700 1 _aTorres, Sergio.
_9110918
852 _aES-MaACL
_jC-20792
_bR.49124
999 _c49116
_d49116